Electronic display device and application technology
Gorde:
| Formatua: | Liburua |
|---|---|
| Hizkuntza: | Undetermined |
| Argitaratua: |
Tokyo
Dempa
1990
|
| Gaiak: | |
| Etiketak: |
Etiketa erantsi
Etiketarik gabe, Izan zaitez lehena erregistro honi etiketa jartzen!
|
| Thư viện lưu trữ: | Trung tâm Học liệu Trường Đại học Cần Thơ |
|---|
| LEADER | 00428nam a2200157Ia 4500 | ||
|---|---|---|---|
| 001 | CTU_98241 | ||
| 008 | 210402s9999 xx 000 0 und d | ||
| 082 | |a 621.3897 | ||
| 082 | |b E38 | ||
| 245 | 0 | |a Electronic display device and application technology | |
| 260 | |a Tokyo | ||
| 260 | |b Dempa | ||
| 260 | |c 1990 | ||
| 650 | |a Information display systems | ||
| 904 | |i Truc | ||
| 980 | |a Trung tâm Học liệu Trường Đại học Cần Thơ | ||